000 00793nas a2200265 4500
001 BR0706062
003 BR-BrBNA
005 20231205111227.0
007 ta
008 230509b bl.|||p| |||| 00| 00por d
040 _aBR-BrBNA
_bpor
_cBiblioteca Nacional de Agricultura
041 _a(Pt)
072 _aL50
100 1 _aMoreno, G.
100 1 _aFreitas, D.C. de
100 1 _aBottino, J.A.
245 1 _aDemonstração da parede celular de bactérias em preparações coradas
650 _aMICROBIOLOGIA
650 _aBACTÉRIA
650 _aCOR
650 _aÁCIDO TÂNICO
773 0 _tRevista da Faculdade de Medicina Veterinária (Brazil)
_xISSN 0301-7273
_g(Dec 1965), v. 7(2) p. 368-369
_wBR0706062
909 _a202311
_bLúcia
_c55
_dLúcia Elande
942 _2AGRIS
_n0
_cANA
999 _c191477
_d191477